| 000 | 00587nam a2200193Ia 4500 | ||
|---|---|---|---|
| 003 | OSt | ||
| 005 | 20260416152829.0 | ||
| 008 | 210210b1967 xxu||||| |||| 00| 0 eng d | ||
| 040 | _cAL | ||
| 041 | _aKannada | ||
| 082 | _aS891.6 SACK | ||
| 100 |
_aSACHCHIDANANDASARASVATISVAMI. _dಸಚ್ಚಿದಾನಂದ ಸರಸ್ವತಿಸ್ವಾಮಿ _9261911 |
||
| 245 |
_aKenopanishattu. _bಕೇನೋಪನಿಷತ್ತು |
||
| 260 |
_aHolenarasipura _bAdhyatma Prakashana _c1967 |
||
| 300 | _a177 | ||
| 690 |
_aSanskrit Prakirana _9261912 |
||
| 906 | _a036312 | ||
| 942 |
_2ddc _cBK |
||
| 999 |
_c86742 _d86742 |
||